000 01684nam a2200229Ia 4500
008 260220t1972||||xx |||||||||||||| ||spa||
040 _aPY-SlUNAC
_bspa
_erda
041 _aspa
082 _a574
_bC487Cc
245 0 _aCiencias biológicas de las moléculas al hombre
264 _aCaracas :
_bAID,
_c℗1972.
300 _a1 volumen
520 _a"Ciencias biológicas de las moléculas al hombre" es una obra que aborda la complejidad de la biología desde sus bases moleculares hasta la organización y función de los sistemas biológicos en los seres humanos. A lo largo de sus capítulos, el libro explora la estructura y función de biomoléculas esenciales como proteínas, ácidos nucleicos y lípidos, enfatizando su papel en los procesos vitales. Presenta una visión integrada de la biología, donde se destacan las interacciones entre las moléculas y cómo estas dan lugar a la diversidad de funciones celulares. Además, se analizan los mecanismos de la herencia, la evolución y la adaptación de los organismos en su entorno. A través de un enfoque interdisciplinario, la obra también aborda temas como la bioquímica, la genética y la fisiología, proporcionando un marco comprensivo para entender los fenómenos biológicos. En definitiva, este texto es una referencia fundamental para estudiantes y profesionales interesados en la biología y sus aplicaciones en la salud humana y la biotecnología.
653 _aBiología
653 _aCiencias biomédicas
653 _aGenética
942 _b2026/02/17
_cBK
999 _c8105
_d8105